000
00210nam a22000857a 4500
008
170228b xxu||||| |||| 00| 0 eng d
100
_9
2962
_a
Sood.R
245
_a
Informatin Technlogy X
260
_a
New Delhi
_b
AP
_c
2011
999
_c
6206
_d
6206